Handbook For Brunner & Suddarths Textbook Of Medical Surgical Nursing (Record no. 154951)

MARC details
000 -LEADER
fixed length control field 00378nam a2200133Ia 4500
008 - FIXED-LENGTH DATA ELEMENTS--GENERAL INFORMATION
fixed length control field 230411s9999 xx 000 0 und d
041 ## - LANGUAGE CODE
Language code of text/sound track or separate title eng
082 ## - DEWEY DECIMAL CLASSIFICATION NUMBER
Classification number MS/610.73677/YOU/B04251
100 ## - MAIN ENTRY--PERSONAL NAME
Personal name Young J
245 ## - TITLE STATEMENT
Title Handbook For Brunner & Suddarths Textbook Of Medical Surgical Nursing
260 ## - PUBLICATION, DISTRIBUTION, ETC. (IMPRINT)
Name of publisher, distributor, etc. Lippincott
Place of publication, distribution, etc. New Delhi
Date of publication, distribution, etc. 2008
300 ## - PHYSICAL DESCRIPTION
Extent 895p
Holdings
Withdrawn status Lost status Damaged status Not for loan Collection code Home library Current library Date acquired Vendor Bill number Total Checkouts Full call number Barcode Date last seen Bill Date Koha item type Original Barcode
        MS Smt. Bakul Tambat Institute of Nursing Education Smt. Bakul Tambat Institute of Nursing Education 21/11/2007 B.J.Medical Co-oprative College Stores 1588   MS 610.73677 YOU B04251 BTIN-BK-4251 11/04/2023 21/11/2007 Books B04251